[Event "Montcalm III 2014-15"]
[Site "Quebec CAN"]
[Date "2014.12.11"]
[Round "5"]
[White "Genest, Dominic"]
[Black "May, Oliver"]
[Result "1/2-1/2"]
[WhiteElo "1540"]
[BlackElo "1809"]
[PlyCount "123"]
[EventDate "2014.11.13"]
[EventType "tourn"]
[EventRounds "5"]
[EventCountry "CAN"]

1. c4 e5 2. Nc3 Nf6 3. g3 d5 4. cxd5 Nxd5 5. Bg2 Nxc3 6. bxc3 Bc5 7. e3 O-O 8.
d4 exd4 9. cxd4 Bb6 10. Ne2 c6 11. O-O Bg4 12. Bb2 Re8 13. Re1 Ba5 14. Rf1 Qb6
15. Qc2 Na6 16. Bc3 Bxe2 17. Bxa5 Qxa5 18. Qxe2 Re6 19. Rfc1 Rb8 20. Rab1 h5
21. Qd3 Rf6 22. a3 h4 23. g4 Qg5 24. h3 Rd6 25. f4 Qa5 26. g5 Qd8 27. Bf3 Nc7
28. Qb3 Qe8 29. Rc5 Re6 30. Re5 Rxe5 31. dxe5 Ne6 32. Rd1 Nxg5 33. fxg5 Qxe5
34. Bg4 Qxg5 35. e4 Qc5+ 36. Kf1 Qb5+ 37. Qxb5 cxb5 38. Ke2 g6 39. Rd7 a6 40.
Rc7 b6 41. Rc8+ Rxc8 42. Bxc8 a5 43. Kd3 Kg7 44. Bd7 b4 45. axb4 axb4 46. Kc4
Kf6 47. Kxb4 Ke5 48. Bc6 f5 49. exf5 gxf5 50. Kb5 Kd4 51. Kxb6 f4 52. Kb5 Ke3
53. Kc4 f3 54. Bxf3 Kxf3 55. Kd3 Kg3 56. Ke3 Kg2 57. Ke2 Kxh3 58. Kf3 Kh2 59.
Kf2 h3 60. Kf1 Kh1 61. Kf2 h2 62. Kf1 1/2-1/2

[Event "Montcalm III 2014-15"]
[Site "Quebec CAN"]
[Date "2014.12.11"]
[Round "5"]
[White "Lamontagne, Danny"]
[Black "Boulianne, Gabriel"]
[Result "0-1"]
[WhiteElo "1893"]
[BlackElo "1782"]
[PlyCount "51"]
[EventDate "2014.11.13"]
[EventType "tourn"]
[EventRounds "5"]
[EventCountry "CAN"]

1. e4 c5 2. d4 cxd4 3. c3 dxc3 4. Nxc3 e6 5. Nf3 a6 6. Bf4 b5 7. Bd3 Bb7 8. O-O
Nf6 9. Qe2 Be7 10. Rac1 O-O 11. Rfd1 b4 12. Na4 Qa5 13. b3 Nc6 14. Nb2 d5 15.
e5 Nd7 16. Bb1 Rfc8 17. Ng5 Bxg5 18. Qh5 Bxf4 19. Qxh7+ Kf8 20. Nc4 Qc7 21.
Qh8+ Ke7 22. Qxg7 Rg8 23. Qh7 Rh8 24. Qd3 Bxh2+ 25. Kf1 Bxe5 26. Ne3 0-1

[Event "Montcalm III 2014-15"]
[Site "Quebec CAN"]
[Date "2014.12.11"]
[Round "5"]
[White "Ripoll, Arthur"]
[Black "Leblanc-Legault, Mathieu"]
[Result "1-0"]
[WhiteElo "1816"]
[BlackElo "1454"]
[PlyCount "67"]
[EventDate "2014.11.13"]
[EventType "tourn"]
[EventRounds "5"]
[EventCountry "CAN"]

1. e4 c6 2. d4 d5 3. e5 Bf5 4. h4 h5 5. Bg5 Qc7 6. Bd3 Bxd3 7. Qxd3 e6 8. c4
Nd7 9. Nc3 dxc4 10. Qxc4 Ne7 11. Nge2 Nb6 12. Qd3 Rc8 13. Rc1 Nf5 14. Ng3 Nxg3
15. Qxg3 Bb4 16. O-O Bxc3 17. Qxc3 Nd5 18. Qf3 Qb6 19. Rfd1 Rc7 20. Rd2 Qb4 21.
a3 Qf8 22. b4 f6 23. exf6 gxf6 24. Bf4 Nxf4 25. Qxf4 Rc8 26. d5 e5 27. Qf5 Rd8
28. Rcd1 cxd5 29. Rxd5 Rxd5 30. Rxd5 Qg8 31. Qd7+ Kf8 32. Rc5 Qf7 33. Rc8+ Kg7
34. Qxf7+ 1-0

[Event "Montcalm IV 2013-14"]
[Site "Quebec CAN"]
[Date "2014.01.09"]
[Round "1"]
[White "Biakolo, Lima"]
[Black "Auger, Bertrand"]
[Result "1-0"]
[WhiteElo "1934"]
[BlackElo "2027"]
[PlyCount "101"]
[EventDate "2014.01.09"]
[EventType "tourn"]
[EventRounds "5"]
[EventCountry "CAN"]

1. e4 e6 2. d4 d5 3. Nd2 dxe4 4. Nxe4 Bd7 5. Nf3 Bc6 6. Bd3 Nd7 7. O-O Ngf6 8.
Nxf6+ Qxf6 9. Be2 h6 10. c3 Bd6 11. b4 b6 12. Ne1 e5 13. d5 Bb7 14. Qd3 O-O 15.
Nc2 e4 16. Qh3 Ne5 17. Ne3 Bc8 18. Qh5 Qg6 19. Qxg6 Nxg6 20. Nc4 Nf4 21. Bxf4
Bxf4 22. Ne3 Be5 23. Rac1 f5 24. f4 Bf6 25. Rfd1 g5 26. g3 gxf4 27. gxf4 Be7
28. Kh1 Bd6 29. Rg1+ Kh7 30. Rcf1 Bd7 31. b5 Rg8 32. Rg3 Rxg3 33. hxg3 Kg6 34.
a4 h5 35. Nc4 Rh8 36. Kg2 Kf6 37. Rh1 Be8 38. Nxd6 cxd6 39. a5 bxa5 40. Ra1 Rh7
41. Rxa5 Rb7 42. c4 Ke7 43. Kh3 Kd8 44. Kh4 Kc7 45. Ra6 Kd7 46. Kg5 Kc8 47.
Kxf5 Rg7 48. Kxe4 Rxg3 49. Rxd6 h4 50. Rh6 h3 51. Rxh3 1-0

[Event "Montcalm IV 2013-14"]
[Site "Quebec CAN"]
[Date "2014.01.09"]
[Round "1"]
[White "Bluteau, Yvon"]
[Black "Boulianne, Gabriel"]
[Result "0-1"]
[WhiteElo "1860"]
[BlackElo "1752"]
[PlyCount "104"]
[EventDate "2014.01.09"]
[EventType "tourn"]
[EventRounds "5"]
[EventCountry "CAN"]

1. e4 c5 2. Nf3 d6 3. d4 cxd4 4. Nxd4 Nf6 5. Bd3 Nc6 6. Nxc6 bxc6 7. O-O g6 8.
b3 Bg7 9. Bb2 Qc7 10. Nd2 O-O 11. Qe2 e5 12. Rad1 Re8 13. Kh1 d5 14. c3 Bb7 15.
b4 a5 16. a3 c5 17. Bb5 Re7 18. f3 axb4 19. axb4 cxb4 20. cxb4 d4 21. Nb3 Ne8
22. Bd3 Bh6 23. Bc1 Bxc1 24. Rxc1 Qb6 25. b5 Rc8 26. Rxc8 Bxc8 27. Rc1 Rc7 28.
Qd2 Bd7 29. f4 Rxc1+ 30. Nxc1 exf4 31. Qxf4 Bxb5 32. Bxb5 Qxb5 33. h4 Qc6 34.
e5 Qc4 35. Kh2 h5 36. Kg1 Ng7 37. Kf2 Qc2+ 38. Ke1 Ne6 39. Qd2 Qxd2+ 40. Kxd2
f6 41. exf6 Kf7 42. g3 Kxf6 43. Kd3 Kf5 44. Ke2 Nc5 45. Na2 Kg4 46. Kf2 Ne4+
47. Ke2 Nxg3+ 48. Kd3 Nf5 49. Nb4 Kxh4 50. Nd5 Kg3 51. Nf6 h4 52. Ne4+ Kg2 0-1

[Event "Montcalm IV 2013-14"]
[Site "Quebec CAN"]
[Date "2014.01.09"]
[Round "1"]
[White "Bonneau, Daniel"]
[Black "Lessard, Claude"]
[Result "0-1"]
[WhiteElo "2026"]
[BlackElo "2001"]
[PlyCount "112"]
[EventDate "2014.01.09"]
[EventType "tourn"]
[EventRounds "5"]
[EventCountry "CAN"]

1. e4 c6 2. d4 d5 3. Nc3 dxe4 4. Nxe4 Bf5 5. Ng3 Bg6 6. Nf3 Nd7 7. h4 h6 8. h5
Bh7 9. Bd3 Bxd3 10. Qxd3 e6 11. Bf4 Qa5+ 12. c3 Ngf6 13. b4 Qb5 14. Qxb5 cxb5
15. a4 bxa4 16. Rxa4 Nb6 17. Ra5 Nc4 18. Ra2 Nd5 19. Bd2 a6 20. Ne4 Rc8 21. g3
b6 22. Rxa6 f5 23. Nc5 bxc5 24. dxc5 Nc7 25. Ra7 Be7 26. Ke2 Bf6 27. Kd3 Nxd2
28. Nxd2 Rd8+ 29. Kc4 Nd5 30. Re1 O-O 31. Nb1 Rfe8 32. b5 Rb8 33. Rd1 Rec8 34.
Rd3 Bd8 35. Ra6 Bb6 36. c6 Bxf2 37. Na3 Kf7 38. Kb3 Kf6 39. c4 Nc7 40. Ra5 Bb6
41. Ra4 Bc5 42. Nb1 Nxb5 43. cxb5 Rxb5+ 44. Kc2 Rxc6 45. Rc4 Rcb6 46. Nd2 Bd6
47. Nb3 e5 48. Rf3 e4 49. Re3 Kg5 50. Nd4 Rb2+ 51. Kd1 Be5 52. Nc6 Bf6 53. Na5
Ra2 54. Nc6 Rb1+ 55. Rc1 Rxc1+ 56. Kxc1 Kxh5 0-1

[Event "Montcalm IV 2013-14"]
[Site "Quebec CAN"]
[Date "2014.01.09"]
[Round "1"]
[White "Bourassa, Andre"]
[Black "Cummins, Paul"]
[Result "0-1"]
[WhiteElo "1748"]
[BlackElo "1874"]
[PlyCount "100"]
[EventDate "2014.01.09"]
[EventType "tourn"]
[EventRounds "5"]
[EventCountry "CAN"]

1. d4 Nf6 2. c4 e6 3. f3 d5 4. e3 Be7 5. Nc3 O-O 6. Bd3 c5 7. dxc5 dxc4 8. Bxc4
Qa5 9. Nge2 Rd8 10. Qc2 Nc6 11. O-O Qxc5 12. Na4 Qa5 13. Nac3 Ne5 14. Bb3 b5
15. Nd4 Bd7 16. Ne4 Rac8 17. Nxf6+ Bxf6 18. Bd2 Qb6 19. Qe4 Nc4 20. Bxc4 Rxc4
21. b3 Rxd4 22. exd4 Bc6 23. Qe1 Qxd4+ 24. Kh1 Qxd2 25. Qxd2 Rxd2 26. Rac1 Rd6
27. Rfd1 Rxd1+ 28. Rxd1 Bd5 29. Rc1 g6 30. Kg1 b4 31. Kf2 Bc3 32. Ke3 Kf8 33.
Kd3 Be5 34. h3 Ke7 35. Rc2 Kd7 36. Ke3 f5 37. Ke2 Bd4 38. Kd3 Bb6 39. Re2 Bb7
40. Rd2 Ba6+ 41. Kc2+ Ke7 42. Kd1 Be3 43. Rc2 Kd6 44. Ke1 Bd4 45. Rc1 e5 46.
Rd1 Kd5 47. Rc1 Bc3+ 48. Kf2 Kd4 49. g4 Bd3 50. Rd1 e4 0-1

[Event "Montcalm IV 2013-14"]
[Site "Quebec CAN"]
[Date "2014.01.09"]
[Round "1"]
[White "Marquis, Paul"]
[Black "Bergeron, Marc"]
[Result "1/2-1/2"]
[WhiteElo "2009"]
[BlackElo "2024"]
[PlyCount "83"]
[EventDate "2014.01.09"]
[EventType "tourn"]
[EventRounds "5"]
[EventCountry "CAN"]

1. c4 e5 2. Nc3 Nf6 3. g3 Bb4 4. Bg2 O-O 5. Qb3 Nc6 6. e3 Bxc3 7. Qxc3 d5 8.
Nf3 Ne4 9. Qb3 Nc5 10. Qa3 b6 11. O-O e4 12. Nd4 Ne5 13. cxd5 Qxd5 14. f3 f5
15. fxe4 fxe4 16. Rxf8+ Kxf8 17. b4 Ncd3 18. b5+ Ke8 19. Qb3 Bb7 20. Qxd5 Bxd5
21. Bf1 Nc4 22. a4 a6 23. bxa6 Rxa6 24. Nb5 Kd8 25. Nc3 c6 26. Bxd3 exd3 27. e4
Be6 28. Nd1 b5 29. Nb2 Nxb2 30. Bxb2 bxa4 31. Ra3 Bb3 32. Bxg7 Kd7 33. Kf2 Bc2
34. Ra2 c5 35. Ra3 Kc6 36. Bc3 Rb6 37. e5 Kd5 38. Ke3 Rb4 39. Ra1 Re4+ 40. Kf2
Rxe5 41. Bxe5 Kxe5 42. Ke3 1/2-1/2

[Event "Montcalm IV 2013-14"]
[Site "Quebec CAN"]
[Date "2014.01.09"]
[Round "1"]
[White "Ripoll, Arthur"]
[Black "Courtemanche, Marc-Andre"]
[Result "1/2-1/2"]
[WhiteElo "1677"]
[BlackElo "1650"]
[PlyCount "86"]
[EventDate "2014.01.09"]
[EventType "tourn"]
[EventRounds "5"]
[EventCountry "CAN"]

1. d4 d5 2. c4 c6 3. Nc3 dxc4 4. a4 Nf6 5. Nf3 Bf5 6. e3 e6 7. Bxc4 Bb4 8. O-O
Nbd7 9. Qb3 a5 10. Na2 Nb6 11. Nxb4 axb4 12. Qxb4 Nxc4 13. Qxc4 O-O 14. b4 Be4
15. Nd2 Bd5 16. Qc2 Ng4 17. e4 Qd6 18. g3 Qxb4 19. Ba3 Qxd4 20. Bxf8 Kxf8 21.
exd5 Nxf2 22. Nf3 Nh3+ 23. Kg2 Qg4 24. Qxh7 Nf4+ 25. Kh1 Ng6 26. dxe6 Qxe6 27.
Qh5 Qc4 28. Qf5 Kg8 29. Ng5 f6 30. Qxg6 fxg5 31. Qxg5 Qe4+ 32. Kg1 Qd4+ 33. Kg2
Re8 34. Qf4 Qd5+ 35. Qf3 Re2+ 36. Kh3 Qe6+ 37. Qf5 Qh6+ 38. Kg4 Rxh2 39. Qf7+
Kh7 40. Rf4 Qh3+ 41. Kf3 Qg2+ 42. Kg4 Qh3+ 43. Kf3 Qg2+ 1/2-1/2

[Event "Montcalm IV 2013-14"]
[Site "Quebec CAN"]
[Date "2014.01.16"]
[Round "2"]
[White "Auger, Bertrand"]
[Black "Lessard, Claude"]
[Result "0-1"]
[WhiteElo "2027"]
[BlackElo "2001"]
[PlyCount "74"]
[EventDate "2014.01.09"]
[EventType "tourn"]
[EventRounds "5"]
[EventCountry "CAN"]

1. Nf3 Nf6 2. c4 g6 3. Nc3 Bg7 4. g3 d6 5. Bg2 e5 6. O-O O-O 7. d3 Nbd7 8. Rb1
a5 9. a3 Re8 10. Qc2 e4 11. Ng5 exd3 12. exd3 h6 13. Nge4 Ng4 14. h3 Nge5 15.
b4 f5 16. Nd2 c6 17. Bb2 axb4 18. axb4 Nf6 19. d4 Nf7 20. d5 Bd7 21. c5 Rc8 22.
Nb3 Ne5 23. Nd4 Nc4 24. dxc6 bxc6 25. Ba1 d5 26. Rbe1 Ne4 27. Nxe4 fxe4 28.
Bxe4 dxe4 29. Qxc4+ Kh7 30. Rd1 e3 31. f4 Qe7 32. Rfe1 Bxh3 33. Nf3 e2 34. Rd3
Bf5 35. Ra3 Bxa1 36. Rexa1 Rcd8 37. Ne5 Rd1+ 0-1

[Event "Montcalm IV 2013-14"]
[Site "Quebec CAN"]
[Date "2014.01.16"]
[Round "2"]
[White "Biakolo, Lima"]
[Black "Marquis, Paul"]
[Result "1-0"]
[WhiteElo "1934"]
[BlackElo "2009"]
[PlyCount "69"]
[EventDate "2014.01.09"]
[EventType "tourn"]
[EventRounds "5"]
[EventCountry "CAN"]

1. e4 e6 2. d4 d5 3. Nd2 Nf6 4. e5 Nfd7 5. Bd3 c5 6. c3 Nc6 7. Ne2 Qb6 8. Nf3
cxd4 9. cxd4 f6 10. exf6 Nxf6 11. O-O Bd6 12. a3 O-O 13. b4 a6 14. Bg5 h6 15.
Bh4 Bd7 16. Bg3 Bxg3 17. hxg3 Ne7 18. Ne5 Bb5 19. Nc3 Bxd3 20. Qxd3 Nc6 21. Nf3
Qc7 22. Rae1 Rfe8 23. Re2 Rac8 24. Na4 Ne4 25. Rfe1 b5 26. Nc5 Nxc5 27. bxc5
Qf7 28. Ne5 Nxe5 29. Rxe5 Qd7 30. Qe3 Rc6 31. f4 Kf7 32. g4 g6 33. f5 g5 34.
Qh3 Kg7 35. f6+ 1-0

[Event "Montcalm IV 2013-14"]
[Site "Quebec CAN"]
[Date "2014.01.16"]
[Round "2"]
[White "Cummins, Paul"]
[Black "Boulianne, Gabriel"]
[Result "1/2-1/2"]
[WhiteElo "1874"]
[BlackElo "1752"]
[PlyCount "63"]
[EventDate "2014.01.09"]
[EventType "tourn"]
[EventRounds "5"]
[EventCountry "CAN"]

1. e4 c5 2. Nf3 d6 3. d4 cxd4 4. Nxd4 Nf6 5. Nc3 a6 6. a4 e5 7. Nb3 Be6 8. Be2
Be7 9. O-O O-O 10. Be3 d5 11. exd5 Nxd5 12. Nxd5 Qxd5 13. Nd2 Nc6 14. Bc4 Qd7
15. Bxe6 Qxe6 16. Bb6 Bd8 17. Bc5 Be7 18. Bxe7 Qxe7 19. c3 Rad8 20. Qe2 f5 21.
Nb3 Rd5 22. Rfd1 Qf7 23. Rxd5 Qxd5 24. c4 Qd6 25. Qd2 Qxd2 26. Nxd2 Rd8 27. Nb3
a5 28. Kf1 b6 29. Ke2 Nd4+ 30. Nxd4 Rxd4 31. Rc1 Rd7 32. Rc3 1/2-1/2

[Event "Montcalm IV 2013-14"]
[Site "Quebec CAN"]
[Date "2014.01.16"]
[Round "2"]
[White "Servant, Michel"]
[Black "Ripoll, Arthur"]
[Result "0-1"]
[WhiteElo "1666"]
[BlackElo "1677"]
[PlyCount "58"]
[EventDate "2014.01.09"]
[EventType "tourn"]
[EventRounds "5"]
[EventCountry "CAN"]

1. c4 e6 2. g3 d5 3. Bg2 Nf6 4. Nf3 Be7 5. O-O O-O 6. cxd5 exd5 7. d4 b6 8. Nc3
Bb7 9. Bf4 Nh5 10. Bd2 c5 11. Rc1 Nf6 12. a3 Ne4 13. Bf4 f5 14. Nb5 Na6 15. Ne5
Qe8 16. Nc3 cxd4 17. Nxe4 dxe4 18. Qxd4 Bf6 19. Qd7 Qxd7 20. Nxd7 Bxb2 21. Nxf8
Bxc1 22. Rxc1 Kxf8 23. e3 h6 24. Bf1 Rc8 25. Rd1 Nc5 26. Bd6+ Kg8 27. Bc4+ Kh7
28. h4 Nd3 29. Be6 Rc2 0-1

[Event "Montcalm IV 2013-14"]
[Site "Quebec CAN"]
[Date "2014.01.23"]
[Round "3"]
[White "Bluteau, Yvon"]
[Black "Bourassa, Andre"]
[Result "1-0"]
[WhiteElo "1847"]
[BlackElo "1796"]
[PlyCount "97"]
[EventDate "2014.01.09"]
[EventType "tourn"]
[EventRounds "5"]
[EventCountry "CAN"]

1. d4 d5 2. Nf3 Nf6 3. c4 e6 4. Nc3 Be7 5. e3 O-O 6. Bd3 dxc4 7. Bxc4 c5 8. O-O
a6 9. a4 Nc6 10. Ne2 Na5 11. b3 Nxc4 12. bxc4 cxd4 13. exd4 Nd7 14. Qc2 Bf6 15.
Rd1 Qc7 16. Bg5 b6 17. Rac1 Bb7 18. Bf4 e5 19. Bg3 Bxf3 20. gxf3 Qb7 21. d5 Nc5
22. Nc3 g6 23. Rb1 Rac8 24. Qe2 Nd7 25. Ne4 Be7 26. f4 exf4 27. Bxf4 Rfe8 28.
a5 f5 29. Nd2 Bc5 30. Qd3 Qa7 31. axb6 Bxb6 32. Rf1 Kf7 33. Kg2 Bd8 34. Be3 Qa8
35. Kg1 Bf6 36. Bd4 Ne5 37. Bxe5 Bxe5 38. Nf3 Bf6 39. Nd4 Bxd4 40. Qxd4 Re4 41.
Qb6 Rexc4 42. Qe6+ Kg7 43. Qe7+ Kh6 44. Rb7 Rh8 45. Qe3+ Kh5 46. f4 Rxf4 47.
Rxf4 g5 48. Qh3+ Kg6 49. Qxf5+ 1-0

[Event "Montcalm IV 2013-14"]
[Site "Quebec CAN"]
[Date "2014.01.23"]
[Round "3"]
[White "Bonneau, Daniel"]
[Black "Biakolo, Lima"]
[Result "1-0"]
[WhiteElo "2026"]
[BlackElo "1934"]
[PlyCount "45"]
[EventDate "2014.01.09"]
[EventType "tourn"]
[EventRounds "5"]
[EventCountry "CAN"]

1. e4 c5 2. Nf3 d6 3. d4 cxd4 4. Nxd4 Nf6 5. Nc3 a6 6. Bc4 e6 7. Bb3 Be7 8. g4
Nc6 9. Nxc6 bxc6 10. g5 Nd7 11. Rg1 Nc5 12. Be3 Nxb3 13. axb3 c5 14. Qh5 g6 15.
Qf3 Bb7 16. O-O-O Qc7 17. h4 O-O 18. h5 Rad8 19. Rh1 Kg7 20. hxg6 fxg6 21. Qh3
Rh8 22. Qxe6 Qc8 23. Qxe7+ 1-0

[Event "Montcalm IV 2013-14"]
[Site "Quebec CAN"]
[Date "2014.01.23"]
[Round "3"]
[White "Boulianne, Gabriel"]
[Black "Sarra-Bournet, Marc"]
[Result "0-1"]
[WhiteElo "1788"]
[BlackElo "1861"]
[PlyCount "166"]
[EventDate "2014.01.09"]
[EventType "tourn"]
[EventRounds "5"]
[EventCountry "CAN"]

1. e4 e5 2. Nf3 Nc6 3. Bb5 a6 4. Ba4 Nf6 5. O-O Be7 6. Re1 b5 7. Bb3 d6 8. c3
O-O 9. d3 Na5 10. Bc2 c5 11. Nbd2 Qc7 12. Nf1 h6 13. Ne3 Be6 14. h3 Rfe8 15.
Nh2 Rad8 16. Nhg4 Nxg4 17. Nxg4 Kh7 18. f4 f6 19. Qf3 Bf8 20. Qg3 Qf7 21. Bb1
Bxg4 22. Qxg4 exf4 23. Bxf4 f5 24. Qg3 g5 25. Bd2 f4 26. Qf2 c4 27. d4 Nc6 28.
Bc2 Kh8 29. Kh1 Qg6 30. Rac1 Bg7 31. Qf3 Qf6 32. b3 Na5 33. Re2 Qf7 34. b4 Nb7
35. g3 Rf8 36. Rf1 Qg6 37. gxf4 gxf4 38. Rg2 Qf7 39. Qxf4 Qxf4 40. Rxf4 Rxf4
41. Bxf4 Rf8 42. Rf2 a5 43. a3 axb4 44. axb4 Ra8 45. Kg2 Ra3 46. Bd2 Ra2 47.
Bd1 Nd8 48. Bg4 Nc6 49. Be3 Ra3 50. Rc2 Nxb4 51. Rb2 Rxc3 52. Rxb4 Rxe3 53.
Rxb5 Kg8 54. Be6+ Kf8 55. Bxc4 Bxd4 56. Rb8+ Ke7 57. Rb7+ Kf6 58. Rf7+ Kg6 59.
Rd7 Be5 60. h4 Rg3+ 61. Kf2 Kh5 62. Rh7 Kg6 63. Re7 Rc3 64. Bd5 Rh3 65. Re6+
Kh5 66. Re7 Kxh4 67. Rh7 Rh2+ 68. Kg1 Kg5 69. Rf7 Rb2 70. Rf5+ Kg4 71. Be6 Kg3
72. Kf1 Bf4 73. Bd5 Kg4 74. Be6 Kf3 75. Rxf4+ Kxf4 76. Bf5 Kf3 77. Ke1 h5 78.
Bg6 h4 79. Bf5 Kg3 80. e5 dxe5 81. Be4 h3 82. Kf1 h2 83. Ke1 Rg2 0-1

[Event "Montcalm IV 2013-14"]
[Site "Quebec CAN"]
[Date "2014.01.23"]
[Round "3"]
[White "Dube, Daniel"]
[Black "Cummins, Paul"]
[Result "1-0"]
[WhiteElo "1767"]
[BlackElo "1874"]
[PlyCount "95"]
[EventDate "2014.01.09"]
[EventType "tourn"]
[EventRounds "5"]
[EventCountry "CAN"]

1. e4 e5 2. Nf3 Nc6 3. Nc3 Bb4 4. Bc4 Nf6 5. O-O d6 6. h3 Be6 7. Bxe6 fxe6 8.
Re1 O-O 9. d4 exd4 10. Nxd4 Nxd4 11. Qxd4 Bc5 12. Qc4 Qe7 13. Be3 Bxe3 14. Rxe3
Kh8 15. Nb5 c6 16. Nd4 d5 17. exd5 cxd5 18. Qe2 Ne4 19. f3 Ng3 20. Qe1 Qh4 21.
Nxe6 Rg8 22. f4 Nf5 23. Qxh4 Nxh4 24. Re5 Rae8 25. Ng5 h6 26. Nf7+ Kh7 27. Rae1
Ref8 28. Re7 Ng6 29. Rxb7 Nxf4 30. Rxa7 Rc8 31. Ra4 Nh5 32. c3 Rgf8 33. Re7 Rc6
34. Rh4 Nf6 35. Rf4 Nh5 36. Ng5+ Kg8 37. Rxf8+ Kxf8 38. Re6 Rxe6 39. Nxe6+ Ke7
40. Nd4 g6 41. Kf2 Kd6 42. b4 Nf6 43. Ke3 Ne4 44. c4 Nc3 45. c5+ Kc7 46. a3 Nb1
47. Nb5+ Kd7 48. Kd4 1-0

[Event "Montcalm IV 2013-14"]
[Site "Quebec CAN"]
[Date "2014.01.23"]
[Round "3"]
[White "Lessard, Claude"]
[Black "Bergeron, Marc"]
[Result "1-0"]
[WhiteElo "2001"]
[BlackElo "2024"]
[PlyCount "45"]
[EventDate "2014.01.09"]
[EventType "tourn"]
[EventRounds "5"]
[EventCountry "CAN"]

1. d4 d5 2. c4 Nc6 3. Nf3 Bg4 4. Nc3 e6 5. cxd5 Bxf3 6. exf3 exd5 7. Bb5 Qd6 8.
O-O O-O-O 9. Be3 Nge7 10. Qd2 Ng6 11. Rfc1 Nce7 12. Bd3 a6 13. b4 h6 14. b5 a5
15. b6 c6 16. Nb5 Qb8 17. Qxa5 f5 18. Nc7 Rd6 19. Re1 Rf6 20. Rac1 Nh4 21. Bf4
Rg6 22. Kf1 Rxg2 23. Ne6 1-0

[Event "Montcalm IV 2013-14"]
[Site "Quebec CAN"]
[Date "2014.01.23"]
[Round "3"]
[White "Marquis, Paul"]
[Black "Auger, Bertrand"]
[Result "1-0"]
[WhiteElo "2009"]
[BlackElo "2027"]
[PlyCount "109"]
[EventDate "2014.01.09"]
[EventType "tourn"]
[EventRounds "5"]
[EventCountry "CAN"]

1. c4 Nf6 2. Nc3 c5 3. g3 e6 4. Bg2 Be7 5. e4 Nc6 6. Nge2 O-O 7. O-O a6 8. d4
cxd4 9. Nxd4 Qc7 10. b3 d6 11. Be3 Bd7 12. Rc1 Nxd4 13. Bxd4 Rac8 14. h3 Rfd8
15. Qd2 Be8 16. Qe3 Nd7 17. Ne2 Bf6 18. Rfd1 Bxd4 19. Rxd4 Nf6 20. Rcd1 b5 21.
cxb5 Bxb5 22. Rc1 Qb8 23. Nc3 Bc6 24. Rcd1 Ba8 25. Qd3 Ne8 26. Na4 Qb5 27. Qd2
a5 28. Bf1 Qe5 29. f4 Qf6 30. Nb6 Rb8 31. Nxa8 Rxa8 32. Kh2 Rdc8 33. g4 Rc5 34.
Bc4 a4 35. f5 Qe5+ 36. Kg2 axb3 37. Bxb3 Rc6 38. fxe6 fxe6 39. Rf1 g6 40. Qf4
Qxf4 41. Bxe6+ Kg7 42. Rxf4 Rc2+ 43. Rf2 Rxf2+ 44. Kxf2 Kf6 45. Bd5 Ra3 46. Bb3
Ra7 47. Rd5 Ra6 48. g5+ Ke7 49. Rb5 Ra7 50. Bd5 Kd8 51. Rb8+ Kd7 52. Rb7+ Rxb7
53. Bxb7 Nc7 54. Ke3 Ne6 55. h4 1-0

[Event "Montcalm IV 2013-14"]
[Site "Quebec CAN"]
[Date "2014.01.23"]
[Round "3"]
[White "Ripoll, Arthur"]
[Black "Bender, Karl"]
[Result "1-0"]
[WhiteElo "1677"]
[BlackElo "1602"]
[PlyCount "73"]
[EventDate "2014.01.09"]
[EventType "tourn"]
[EventRounds "5"]
[EventCountry "CAN"]

1. e4 e5 2. Nf3 Nc6 3. Bc4 Be7 4. d4 exd4 5. O-O d6 6. Nxd4 Bd7 7. f4 h5 8. c3
Nxd4 9. cxd4 Nf6 10. e5 dxe5 11. fxe5 Bg4 12. Qd3 Nd5 13. Qb3 Be6 14. Qxb7 O-O
15. Qb3 Rb8 16. Qd3 Nb4 17. Qc3 Nc2 18. Bxe6 Nxa1 19. Bc4 Bb4 20. Qd3 Qd7 21.
Nc3 Bxc3 22. bxc3 Qa4 23. Bg5 Nc2 24. Be7 Ne3 25. Bb3 Rxb3 26. axb3 Qd7 27.
Bxf8 Nxf1 28. Bc5 Nxh2 29. Kxh2 c6 30. Qf3 g6 31. c4 a6 32. d5 cxd5 33. Qxd5
Qg4 34. Qd8+ Kh7 35. Qf6 Qf5 36. Qxf5 gxf5 37. b4 1-0

[Event "Montcalm IV 2013-14"]
[Site "Quebec CAN"]
[Date "2014.01.30"]
[Round "4"]
[White "Auger, Bertrand"]
[Black "Bergeron, Marc"]
[Result "1-0"]
[WhiteElo "2027"]
[BlackElo "2024"]
[PlyCount "67"]
[EventDate "2014.01.09"]
[EventType "tourn"]
[EventRounds "5"]
[EventCountry "CAN"]

1. Nf3 Nc6 2. d4 d5 3. g3 Bf5 4. Bg2 h6 5. O-O e6 6. c4 Nf6 7. Qa4 Qd7 8. Nc3
Be7 9. Ne5 Nxe5 10. dxe5 Qxa4 11. Nxa4 Ne4 12. Be3 f6 13. g4 Bh7 14. f3 Ng5 15.
h4 Nf7 16. f4 c6 17. cxd5 cxd5 18. Nc5 Bxc5 19. Bxc5 fxe5 20. f5 Nd8 21. Rad1
Rc8 22. Ba3 d4 23. e3 exf5 24. exd4 fxg4 25. dxe5 Bg6 26. Rd6 Bf7 27. Rd4 h5
28. Be4 Rc7 29. Rfd1 Ne6 30. Rd6 Rh6 31. b3 b5 32. Bc1 Rh8 33. Bf5 Ke7 34. Ba3
1-0

[Event "Montcalm IV 2013-14"]
[Site "Quebec CAN"]
[Date "2014.01.30"]
[Round "4"]
[White "Biakolo, Lima"]
[Black "Lessard, Claude"]
[Result "1-0"]
[WhiteElo "1970"]
[BlackElo "2001"]
[PlyCount "74"]
[EventDate "2014.01.09"]
[EventType "tourn"]
[EventRounds "5"]
[EventCountry "CAN"]

1. e4 c5 2. Nf3 d6 3. d4 cxd4 4. Nxd4 Nf6 5. Nc3 g6 6. f3 Bg7 7. Be3 O-O 8. g4
Nc6 9. Qd2 Bxg4 10. fxg4 Nxg4 11. Nf3 Nb4 12. Bd3 Rc8 13. O-O Nxe3 14. Qxe3
Nxd3 15. cxd3 Qa5 16. Nd5 Rfe8 17. d4 e6 18. Nc3 Rc4 19. Rad1 Qb6 20. Qf2 Rec8
21. e5 d5 22. Ng5 Rf8 23. Rd3 f6 24. Nxh7 Kxh7 25. Qh4+ Bh6 26. Rxf6 Rxf6 27.
Qxf6 Rxd4 28. Rxd4 Qxd4+ 29. Kg2 Qd2+ 30. Kg3 Qd3+ 31. Kg2 Qd2+ 32. Kg3 Qe1+
33. Kg2 d4 34. Qe7+ Bg7 35. Qxe6 dxc3 36. Qh3+ Kg8 37. Qe6+ Kh7 1-0

[Event "Montcalm IV 2013-14"]
[Site "Quebec CAN"]
[Date "2014.01.30"]
[Round "4"]
[White "Bourassa, Andre"]
[Black "Boulianne, Gabriel"]
[Result "0-1"]
[WhiteElo "1796"]
[BlackElo "1788"]
[PlyCount "58"]
[EventDate "2014.01.09"]
[EventType "tourn"]
[EventRounds "5"]
[EventCountry "CAN"]

1. d4 f5 2. Bg5 h6 3. Bh4 g5 4. e4 Bg7 5. Qh5+ Kf8 6. e5 Qe8 7. Be2 Qxh5 8.
Bxh5 gxh4 9. Nf3 e6 10. Nxh4 Ne7 11. Nc3 a6 12. Ne2 Nbc6 13. O-O-O Rg8 14. f4
d5 15. exd6 cxd6 16. c4 Bf6 17. Nf3 Bd7 18. g3 Be8 19. Bxe8 Rxe8 20. Rhe1 Kf7
21. a3 Na5 22. Nd2 Rc8 23. b3 b5 24. Kb1 bxc4 25. b4 c3 26. Nxc3 Rxc3 27. bxa5
Rb8+ 28. Ka2 Rc2+ 29. Ka1 Bxd4# 0-1

[Event "Montcalm IV 2013-14"]
[Site "Quebec CAN"]
[Date "2014.01.30"]
[Round "4"]
[White "Cummins, Paul"]
[Black "Sarra-Bournet, Marc"]
[Result "1-0"]
[WhiteElo "1874"]
[BlackElo "1797"]
[PlyCount "141"]
[EventDate "2014.01.09"]
[EventType "tourn"]
[EventRounds "5"]
[EventCountry "CAN"]

1. d4 d5 2. c4 e6 3. Nc3 Nf6 4. Bg5 Nbd7 5. Nf3 Be7 6. e3 O-O 7. Qc2 h6 8. Bh4
b6 9. Bd3 Bb7 10. Bxf6 Nxf6 11. cxd5 Nxd5 12. a3 c5 13. Nxd5 Qxd5 14. e4 Qh5
15. dxc5 Bxc5 16. b4 Bd6 17. Qe2 a5 18. b5 Rac8 19. O-O Rc3 20. a4 Rfc8 21.
Rfd1 Rd8 22. h3 Bc7 23. Bb1 Rxd1+ 24. Qxd1 Be5 25. Ra2 Bf4 26. Rc2 Qc5 27. Rxc3
Qxc3 28. Nd4 Be5 29. Ne2 Qb4 30. f4 Bd6 31. e5 Bc5+ 32. Kh2 Bd5 33. Bc2 g6 34.
g3 Qa3 35. Bd3 Qb3 36. Qc2 Kg7 37. Nc3 Qxc2+ 38. Bxc2 Bf3 39. Be4 Bxe4 40. Nxe4
Bb4 41. Kg2 Kf8 42. Nf6 h5 43. Nd7+ Ke7 44. Nxb6 Kd8 45. Nc4 Kc7 46. Kf3 Be1
47. Nd6 f5 48. Nc4 Bb4 49. Ne3 Kb6 50. Ke2 Kb7 51. Ng2 Be7 52. Kd3 g5 53. Ne1
h4 54. gxh4 gxf4 55. Nf3 Bf8 56. h5 Bg7 57. Kd4 Kb6 58. Kc4 Bh8 59. h6 Kc7 60.
Kc5 Kd7 61. b6 Kc8 62. Kb5 Kb7 63. Kxa5 Ka8 64. Kb5 Kb7 65. a5 Kb8 66. a6 Ka8
67. Kc6 Kb8 68. b7 Ka7 69. Kc7 Bxe5+ 70. Nxe5 f3 71. b8=Q+ 1-0